Postrojenije ekspertnych sistem : Perevod s angl /

Guardado en:
Detalles Bibliográficos
Autores principales: Lenat, Douglas B (Autor), Hayes, Roth Frederick (Autor), Waterman, Donald A (Autor)
Formato: Libro
Publicado: Moskva : Mir, 1987
Etiquetas: Agregar Etiqueta
Sin Etiquetas, Sea el primero en etiquetar este registro!

MARC

LEADER 00000nam a22000003a 4500
001 stu15751
005 20150617225757.9
008 ------s1987----xxr---------------------d
040 |a STU  |b slo 
041 0
044 |a xxr 
080 |a 681.32 
100 1 |a Lenat, Douglas B  |4 aut 
245 1 |a Postrojenije ekspertnych sistem :  |b Perevod s angl /  |c [aut.]Hayes,Roth Frederick, Waterman,Donald A., Lenat,Douglas B 
260 |a Moskva :  |b Mir,  |c 1987 
300 |a 441 s :  |b Lit.,index 
700 1 |a Hayes, Roth Frederick  |4 aut 
700 1 |a Waterman, Donald A  |4 aut 
996 |b C81033  |c C*81033  |l CCVI  |s P  |a 0  |w stu15751_0001